Guide reponsabilité sectorielle santé (Record no. 49815)

MARC details
000 -LEADER
fixed length control field 00632nam a22001697a 4500
008 - FIXED-LENGTH DATA ELEMENTS--GENERAL INFORMATION
fixed length control field 111019t xxu||||| |||| 00| 0 eng d
040 ## - CATALOGING SOURCE
Original cataloging agency BUAC
Transcribing agency CDIRSP
041 ## - LANGUAGE CODE
Language code of text/sound track or separate title Fr
245 ## - TITLE STATEMENT
Title Guide reponsabilité sectorielle santé
Remainder of title : guide pratique pour la création d'un groupe de responsabilité sectorielle santé au niveau national
Statement of responsibility, etc / Organisation Mondiale de la Santé
260 ## - PUBLICATION, DISTRIBUTION, ETC. (IMPRINT)
Place of publication, distribution, etc Genève :
Name of publisher, distributor, etc IASC,
Date of publication, distribution, etc 2010
300 ## - PHYSICAL DESCRIPTION
Extent 192 p.
500 ## - GENERAL NOTE
General note Publié avec CD-ROM
650 ## - SUBJECT ADDED ENTRY--TOPICAL TERM
Topical term or geographic name as entry element Santé publique
9 (RLIN) 19648
653 ## - INDEX TERM--UNCONTROLLED
Uncontrolled term Groupe sectoriel
-- Responsabilité
-- Guide
710 ## - ADDED ENTRY--CORPORATE NAME
Corporate name or jurisdiction name as entry element Organisation Mondiale de la Santé
9 (RLIN) 19649
942 ## - ADDED ENTRY ELEMENTS (KOHA)
Item type Livre exclu du prêt
Holdings
Withdrawn status Lost status Damaged status Not for loan Location (home branch) Sublocation or collection (holding branch) Date acquired Source of acquisition Koha issues (times borrowed) Piece designation (barcode) Koha date last seen Copy number Price effective from Koha item type
        Centre de Documentation et d'Information de l'Institut Regional Santé Publique Centre de Documentation et d'Information de l'Institut Regional Santé Publique 19/10/2011 Don   4717CDIRSP 19/10/2011 1 19/10/2011 Livre exclu du prêt


© 2008, Bibliothèques de l'Université d'Abomey-Calavi

04 BP 789 Cotonou, Tél. : +229 21 36 01 01, Fax : +229 21 35 06 32

Courriel : bu@bu.uac.bj